<?xml version="1.0" encoding="UTF-8"?>
<marc:record xmlns:marc="http://www.loc.gov/MARC21/slim">
   <marc:leader>00000nam a2200000 a 4500</marc:leader>
   <marc:datafield ind1="1" ind2=" " tag="100">
      <marc:subfield code="a">Tonies</marc:subfield>
      <marc:subfield code="4">aut</marc:subfield>
      <marc:subfield code="e">Verfasser/-in</marc:subfield>
   </marc:datafield>
   <marc:datafield ind1="0" ind2="0" tag="245">
      <marc:subfield code="a">Benjamin Blümchen - Benjamin als Baggerfahrer</marc:subfield>
   </marc:datafield>
   <marc:datafield ind1=" " ind2="1" tag="264">
      <marc:subfield code="b">Boxine GmbH</marc:subfield>
      <marc:subfield code="c">2016</marc:subfield>
   </marc:datafield>
   <marc:datafield ind1="1" ind2=" " tag="490">
      <marc:subfield code="a">Benjamin Blümchen</marc:subfield>
   </marc:datafield>
   <marc:datafield ind1="1" ind2=" " tag="520">
      <marc:subfield code="a">Da staunen Benjamin, Otto und Stella: Ein Transporter bringt neue Tiere für den Zoo. Aber viel zu früh - die Gehege sind noch nicht fertig! Und Karl ist im Urlaub. Was nun? Ganz einfach: Die drei Freunde bauen selbst drauflos. Leider hat der Bürgermeister etwas dagegen. Aber Benjamin lässt sich nicht das Baggern verbieten!

01 - Titellied
02 - Tierische Überraschung
03 - Ein Bagger muss her!
04 - Schlechte Nachricht
05 - Bagger fahren ist schwer
06 - Hilfe, Rohrbruch!
07 - Sofortiges Baggerverbot
08 - Bürgermeister in der Grube
09 - Die neuen Gehege</marc:subfield>
   </marc:datafield>
   <marc:datafield ind1="3" ind2=" " tag="024">
      <marc:subfield code="a">4251192100184</marc:subfield>
   </marc:datafield>
</marc:record>
